Strategic project management transformation : delivering maximum ROI & sustainable business value (Record no. 8121)

000 -LEADER
fixed length control field 00430nam a22001457a 4500
003 - CONTROL NUMBER IDENTIFIER
control field OSt
005 - DATE AND TIME OF LATEST TRANSACTION
control field 20200804153625.0
008 - FIXED-LENGTH DATA ELEMENTS--GENERAL INFORMATION
fixed length control field 200804b ||||| |||| 00| 0 eng d
020 ## - INTERNATIONAL STANDARD BOOK NUMBER
International Standard Book Number 9788131521991
082 ## - DEWEY DECIMAL CLASSIFICATION NUMBER
Classification number 658.4012
Item number RES
100 ## - MAIN ENTRY--PERSONAL NAME
Personal name Resch, Marc,
Dates associated with a name 1968-
245 ## - TITLE STATEMENT
Title Strategic project management transformation : delivering maximum ROI & sustainable business value
260 ## - PUBLICATION, DISTRIBUTION, ETC. (IMPRINT)
Place of publication, distribution, etc 2014
Name of publisher, distributor, etc CENGAGE LEARNING
Date of publication, distribution, etc 2014
942 ## - ADDED ENTRY ELEMENTS (KOHA)
Source of classification or shelving scheme
Holdings
Withdrawn status Lost status Source of classification or shelving scheme Damaged status Koha normalized classification for sorting Not for loan Permanent location Current location Date acquired Full call number Barcode Date last seen Price effective from Koha item type
        658_401200000000000_RES   BMS College of Architecture, Design and Planning BMS College of Architecture, Design and Planning 2020-08-04 658.4012 RES AR-RD93 2020-08-04 2020-08-04 R&D Books
Copyright © 2025, The Librarian, Library and Information Centre, BMSCA D&P, Bengaluru. All Rights Reserved
web counter

Powered by Koha